LEADER 01205nam 2200397 450 001 990001027370203316 035 $a0102737 035 $aUSA010102737 035 $a(ALEPH)000102737USA01 035 $a0102737 100 $a20020312d1979----km-y0itay0103----ba 101 $afre 102 $aFR 110 $aay--------- 200 1 $a<> bouche de fer 210 $aParis$cHachette/Bibliothéque Nationale$dc1979 215 $a15 cm 300 $aRipr. fasc. in 24 microfot. dell'ed.: Paris, Impr. du Cencle social . Con un prospetto 326 $aPeriodicità irregolare 410 $12001 421 1$10010105404$12001$aCercle social 430 1$1001-------$12001 676 $a054 801 0$aIT$bsalbc$gISBD 912 $a990001027370203316 958 $a13100 LM$b054 BOU MICROFOT$cN.1(OTT. 1790)-N.104(LUGL. 1791) 959 $aSE 969 $aUMA 979 $aPATTY$b90$c20020312$lUSA01$h1117 979 $aPATTY$b90$c20020318$lUSA01$h1726 979 $aPATTY$b90$c20020318$lUSA01$h1726 979 $aPATTY$b90$c20020321$lUSA01$h1642 979 $c20020403$lUSA01$h1743 979 $aPATRY$b90$c20040406$lUSA01$h1711 996 $aBouche de fer$9977488 997 $aUNISA LEADER 00783nam0-22002891i-450- 001 990000250400403321 005 20001010 010 $a88-7131-632-0 035 $a000025040 035 $aFED01000025040 035 $a(Aleph)000025040FED01 035 $a000025040 100 $a20001010d--------km-y0itay50------ba 101 0 $aita 105 $ay-------001yy 200 1 $aGUIDA all'uso di Microsoft ACCESS 2 per windows$fJohn L. Viescas. 210 $aCinisello Balsamo$cMondadori Informatica$d1994 215 $aXXIV, 839 p. ill. 24 cm 300 $aInclude 1 dischetto 3,5. 610 0 $aCalcolatori 801 0$aIT$bUNINA$gRICA$2UNIMARC 901 $aBK 912 $a990000250400403321 952 $a09 011-002$b$fDINAE 959 $aDINAE 997 $aUNINA DB $aING01 LEADER 01208nam2-2200361---450 001 990001768520203316 005 20210224115618.0 035 $a000176852 035 $aUSA01000176852 035 $a(ALEPH)000176852USA01 035 $a000176852 100 $a20040617d1961----km-y0itay0103----ba 101 0 $aita 102 $aIT 105 $aa|||||||001yy 200 1 $a10. : <> operazioni in Africa orientale$fUfficio storico della marina militare$gcompilatore Pier Filippo Lupinacci$grevisore Aldo Cocchia 210 $aRoma$cUfficio storico della marina militare$d1961 215 $aVIII, 261 p.$cill.$d25 cm 410 0$12001 454 1$12001 461 1$1001000176828$12001$a<> marina italiana nella seconda guerra mondiale 606 0$aMarina militare italiana$xGuerra mondiale$z1939-1945 676 $a940.545 702 1$aLUPINACCI,$bPier Filippo 702 1$aCOCCHIA,$bAldo 710 02$aItalia : Ufficio storico della marina militare$029337 801 0$aIT$bsalbc$gISBD 912 $a990001768520203316 951 $aX.3.A. 651/10(III E 1258/10)$b38250 L.M.$cIII E 959 $aBK 969 $aUMA 996 $aOperazioni in Africa orientale$9952277 997 $aUNISA